000 00616nam a2200229Ia 4500
003 OSt
005 20220928140412.0
006 a|||||r|||| 00| 0
007 ta
008 220927b |||||||| |||| 00| 0 eng d
024 _a8266
037 _cTextual
040 _aSDCL
_cSDCL
_beng
041 _2eng
_aeng
082 _aO-,2N1x, K9
100 _aGoldstone Richard H Ed.
_9495108
245 0 _aMentor book of short plays.
260 _c1969
700 _a Lass Abraham H Ed.
_9495109
942 _hO-,2N1x, K9
_cTEXL
_2CC
999 _c811221
_d811221